[Event "31st Klatovy A 2025"]
[Site "Klatovy CZE"]
[Date "2025.07.02"]
[Round "5.10"]
[White "Andrle, Filip"]
[Black "Hacha, Ales"]
[Result "1/2-1/2"]
[WhiteElo "2019"]
[BlackElo "2139"]
[PlyCount "160"]
[EventDate "2025.06.28"]
[EventType "swiss"]
[EventRounds "9"]
[EventCountry "CZE"]

1. e4 {[%emt 0:02:37]} d6 {[%emt 0:09:40]} 2. d4 {[%emt 0:00:14]} c6 {[%emt 0:00:13]} 3. Nc3 {[%emt 0:01:13]} Qa5 {[%emt 0:00:39]} 4. Nf3 {[%emt 0:01:52]} Bg4 {[%emt 0:03:28]} 5. Be2 {[%emt 0:01:07]} Nf6 {[%emt 0:01:20]} 6. Bd2 {[%emt 0:01:26]} e5 {[%emt 0:02:03]} 7. Nd5 {[%emt 0:04:09]} Qd8 {[%emt 0:01:03]} 8. Nxf6+ {[%emt 0:02:09]} Qxf6 {[%emt 0:00:29]} 9. dxe5 {[%emt 0:11:15]} dxe5 {[%emt 0:01:55]} 10. Bg5 {[%emt 0:00:38]} Qd6 {[%emt 0:00:43]} 11. Qxd6 {[%emt 0:00:12]} Bxd6 {[%emt 0:00:07]} 12. O-O-O {[%emt 0:00:07]} Be7 {[%emt 0:04:51]} 13. Be3 {[%emt 0:12:58]} Nd7 {[%emt 0:07:06]} 14. h3 {[%emt 0:13:03]} Bxf3 {[%emt 0:07:01]} 15. Bxf3 {[%emt 0:16:01]} Bc5 {[%emt 0:02:09]} 16. Kd2 {[%emt 0:06:01]} Rd8 {[%emt 0:02:34]} 17. Ke2 {[%emt 0:02:58]} Bxe3 {[%emt 0:02:12]} 18. Kxe3 {[%emt 0:04:06]} Ke7 {[%emt 0:00:21]} 19. Be2 {[%emt 0:08:23]} Nc5 {[%emt 0:03:54]} 20. a3 {[%emt 0:03:30]} Rxd1 {[%emt 0:03:14]} 21. Rxd1 {[%emt 0:00:17]} Rd8 {[%emt 0:00:08]} 22. Rxd8 {[%emt 0:02:44]} Kxd8 {[%emt 0:01:49]} 23. Bg4 {[%emt 0:07:52]} b6 {[%emt 0:03:10]} 24. h4 {[%emt 0:10:52]} Nb7 {[%emt 0:03:59]} 25. Be2 {[%emt 0:00:42]} Nd6 {[%emt 0:00:20]} 26. g3 {[%emt 0:00:40]} Ke7 {[%emt 0:00:40]} 27. c3 {[%emt 0:00:34]} Ke6 {[%emt 0:03:26]} 28. Bg4+ {[%emt 0:00:59]} Kf6 {[%emt 0:00:44]} 29. Be2 {[%emt 0:00:29]} g6 {[%emt 0:01:32]} 30. f4 {[%emt 0:03:33]} Ke6 {[%emt 0:04:09]} 31. Bg4+ {[%emt 0:02:38]} Ke7 {[%emt 0:07:51]} 32. fxe5 {[%emt 0:02:52]} Nc4+ {[%emt 0:00:20]} 33. Kf4 {[%emt 0:00:39]} Nxb2 {[%emt 0:00:51]} 34. Kg5 {[%emt 0:02:55]} Nd3 {[%emt 0:04:58]} 35. Kh6 {[%emt 0:00:23]} Nxe5 {[%emt 0:00:17]} 36. Be2 {[%emt 0:00:12]} Nd7 {[%emt 0:00:42]} 37. Bf3 {[%emt 0:01:12]} Ne5 {[%emt 0:03:55]} 38. Be2 {[%emt 0:00:16]} Nd7 {[%emt 0:09:13]} 39. Bf3 {[%emt 0:00:23]} Nf8 {[%emt 0:00:21]} 40. e5 {[%emt 0:01:28]} Nd7 {[%emt 0:01:57]} 41. Bxc6 {[%emt 0:00:44]} Nxe5 {[%emt 0:00:06]} 42. Bb5 {[%emt 0:00:20]} Ng4+ {[%emt 0:02:30]} 43. Kxh7 {[%emt 0:00:30]} Nf6+ {[%emt 0:00:07]} 44. Kh6 {[%emt 0:02:59]} Ne4 {[%emt 0:00:31]} 45. g4 {[%emt 0:00:37]} Nxc3 {[%emt 0:00:17]} 46. Bd3 {[%emt 0:00:19]} Nd5 {[%emt 0:04:51]} 47. Kg7 {[%emt 0:01:30]} Nf6 {[%emt 0:02:54]} 48. Be2 {[%emt 0:00:46]} Ne8+ {[%emt 0:00:25]} 49. Kg8 {[%emt 0:00:13]} f5 {[%emt 0:07:33]} 50. gxf5 {[%emt 0:00:41]} gxf5 {[%emt 0:00:07]} 51. h5 {[%emt 0:00:07]} Kf6 {[%emt 0:00:05]} 52. Kf8 {[%emt 0:00:41]} Nd6 {[%emt 0:01:37]} 53. Kg8 {[%emt 0:01:03]} Kg5 {[%emt 0:02:19]} 54. Kg7 {[%emt 0:00:24]} f4 {[%emt 0:00:15]} 55. Kf8 {[%emt 0:00:29]} Nf5 {[%emt 0:00:48]} 56. Ke8 {[%emt 0:00:30]} Nd4 {[%emt 0:00:33]} 57. Bd3 {[%emt 0:00:27]} f3 {[%emt 0:03:16]} 58. Kd7 {[%emt 0:00:15]} Kxh5 {[%emt 0:01:00]} 59. Kc7 {[%emt 0:00:40]} Kg4 {[%emt 0:01:13]} 60. Kb7 {[%emt 0:00:43]} Kf4 {[%emt 0:00:15]} 61. Bf1 {[%emt 0:00:20]} b5 {[%emt 0:01:05]} 62. Kxa7 {[%emt 0:00:13]} Ke3 {[%emt 0:01:09]} 63. Kb6 {[%emt 0:00:27]} Kd2 {[%emt 0:01:23]} 64. Kc5 {[%emt 0:00:34]} Kc3 {[%emt 0:00:09]} 65. Bh3 {[%emt 0:00:27]} f2 {[%emt 0:00:39]} 66. Bf1 {[%emt 0:00:26]} Nc2 {[%emt 0:00:40]} 67. Kxb5 {[%emt 0:00:32]} Nxa3+ {[%emt 0:00:08]} 68. Kc5 {[%emt 0:00:05]} Nc2 {[%emt 0:00:08]} 69. Kd5 {[%emt 0:01:03]} Kd2 {[%emt 0:00:40]} 70. Ke4 {[%emt 0:00:50]} Ne1 {[%emt 0:00:39]} 71. Bh3 {[%emt 0:00:34]} Ke2 {[%emt 0:00:25]} 72. Kf4 {[%emt 0:00:28]} Nf3 {[%emt 0:00:28]} 73. Kg3 {[%emt 0:00:23]} Ng5 {[%emt 0:00:25]} 74. Bg2 {[%emt 0:00:24]} Ne4+ {[%emt 0:00:15]} 75. Kf4 {[%emt 0:00:11]} Nd2 {[%emt 0:00:35]} 76. Kg3 {[%emt 0:00:36]} Nf1+ {[%emt 0:00:10]} 77. Kf4 {[%emt 0:00:26]} Ke1 {[%emt 0:00:45]} 78. Bh3 {[%emt 0:00:25]} Nd2 {[%emt 0:00:17]} 79. Bg2 {[%emt 0:00:40]} f1=Q+ {[%emt 0:00:10]} 80. Bxf1 {[%emt 0:00:10]} Nxf1 {[%emt 0:00:06]} 1/2-1/2

[Event "31st Klatovy A 2025"]
[Site "Klatovy CZE"]
[Date "2025.07.02"]
[Round "5.11"]
[White "Lhotsky, Zdenek"]
[Black "Kupsa, Matej 2001"]
[Result "1/2-1/2"]
[WhiteElo "1907"]
[BlackElo "2100"]
[PlyCount "33"]
[EventDate "2025.06.28"]
[EventType "swiss"]
[EventRounds "9"]
[EventCountry "CZE"]

1. e4 {[%emt 0:00:03]} c5 {[%emt 0:02:01]} 2. Nf3 {[%emt 0:00:12]} Nc6 {[%emt 0:00:29]} 3. d4 {[%emt 0:00:26]} cxd4 {[%emt 0:00:09]} 4. Nxd4 {[%emt 0:00:04]} Nf6 {[%emt 0:00:15]} 5. Nc3 {[%emt 0:00:09]} d6 {[%emt 0:00:06]} 6. f3 {[%emt 0:11:14]} e6 {[%emt 0:15:20]} 7. Be3 {[%emt 0:00:39]} a6 {[%emt 0:01:01]} 8. Qd2 {[%emt 0:01:52]} Be7 {[%emt 0:04:51]} 9. O-O-O {[%emt 0:03:45]} Bd7 {[%emt 0:01:28]} 10. g4 {[%emt 0:05:59]} h6 {[%emt 0:02:17]} 11. h4 {[%emt 0:04:42]} Qc7 {[%emt 0:05:59]} 12. Rg1 {[%emt 0:05:14]} O-O-O {[%emt 0:05:43]} 13. Qf2 {[%emt 0:09:27]} Be8 {[%emt 0:28:08]} 14. g5 {[%emt 0:20:44]} hxg5 {[%emt 0:05:00]} 15. hxg5 {[%emt 0:01:09]} Nd7 {[%emt 0:01:01]} 16. g6 {[%emt 0:07:26]} Nxd4 {[%emt 0:05:31]} 17. Bxd4 {[%emt 0:07:10]} 1/2-1/2

[Event "31st Klatovy A 2025"]
[Site "Klatovy CZE"]
[Date "2025.07.02"]
[Round "5.12"]
[White "Pick, Stepan"]
[Black "Stein, Michael 2009"]
[Result "1/2-1/2"]
[WhiteElo "1949"]
[BlackElo "2095"]
[PlyCount "68"]
[EventDate "2025.06.28"]
[EventType "swiss"]
[EventRounds "9"]
[EventCountry "CZE"]

1. Nf3 {[%emt 0:00:03]} d5 {[%emt 0:00:06]} 2. c4 {[%emt 0:00:11]} e6 {[%emt 0:00:03]} 3. g3 {[%emt 0:00:10]} Nf6 {[%emt 0:00:04]} 4. Bg2 {[%emt 0:00:08]} Be7 {[%emt 0:00:04]} 5. O-O {[%emt 0:00:14]} O-O {[%emt 0:00:04]} 6. d4 {[%emt 0:00:33]} c5 {[%emt 0:00:04]} 7. cxd5 {[%emt 0:00:34]} exd5 {[%emt 0:00:05]} 8. dxc5 {[%emt 0:01:35]} Bxc5 {[%emt 0:00:42]} 9. a3 {[%emt 0:00:24]} Ne4 {[%emt 0:00:28]} 10. b4 {[%emt 0:02:43]} Be7 {[%emt 0:00:38]} 11. Bb2 {[%emt 0:02:19]} Bf6 {[%emt 0:01:40]} 12. Nd4 {[%emt 0:11:03]} Re8 {[%emt 0:08:39]} 13. Nc3 {[%emt 0:11:19]} Nxc3 {[%emt 0:09:37]} 14. Bxc3 {[%emt 0:00:14]} Nc6 {[%emt 0:00:19]} 15. Nxc6 {[%emt 0:02:35]} bxc6 {[%emt 0:00:28]} 16. Bxf6 {[%emt 0:01:41]} Qxf6 {[%emt 0:00:53]} 17. e3 {[%emt 0:02:38]} Ba6 {[%emt 0:04:04]} 18. Re1 {[%emt 0:00:17]} Bc4 {[%emt 0:02:55]} 19. Qd2 {[%emt 0:00:50]} Rab8 {[%emt 0:03:43]} 20. Rac1 {[%emt 0:02:56]} Rbd8 {[%emt 0:07:23]} 21. Qc3 {[%emt 0:01:56]} Qxc3 {[%emt 0:05:11]} 22. Rxc3 {[%emt 0:00:02]} Re7 {[%emt 0:04:22]} 23. Rd1 {[%emt 0:02:00]} Red7 {[%emt 0:05:05]} 24. Bf1 {[%emt 0:03:09]} Bb5 {[%emt 0:10:52]} 25. Rc5 {[%emt 0:17:00]} a6 {[%emt 0:02:54]} 26. a4 {[%emt 0:01:08]} Bxa4 {[%emt 0:05:07]} 27. Ra1 {[%emt 0:00:12]} Bb5 {[%emt 0:01:38]} 28. Bxb5 {[%emt 0:00:12]} axb5 {[%emt 0:00:13]} 29. Rxc6 {[%emt 0:02:29]} d4 {[%emt 0:01:03]} 30. exd4 {[%emt 0:01:41]} Rxd4 {[%emt 0:00:17]} 31. Rb6 {[%emt 0:03:09]} Rxb4 {[%emt 0:01:37]} 32. Ra5 {[%emt 0:00:42]} Rb1+ {[%emt 0:00:26]} 33. Kg2 {[%emt 0:00:02]} b4 {[%emt 0:00:48]} 34. Rab5 {[%emt 0:00:10]} g6 {[%emt 0:00:24]} 1/2-1/2

[Event "31st Klatovy A 2025"]
[Site "Klatovy CZE"]
[Date "2025.07.02"]
[Round "5.13"]
[White "Marsalek, Zdenek"]
[Black "Martinkovic, Adam"]
[Result "1-0"]
[WhiteElo "2187"]
[BlackElo "1921"]
[PlyCount "102"]
[EventDate "2025.06.28"]
[EventType "swiss"]
[EventRounds "9"]
[EventCountry "CZE"]

1. Nf3 {[%emt 0:00:08]} Nf6 {[%emt 0:00:14]} 2. g3 {[%emt 0:00:09]} b5 {[%emt 0:02:47]} 3. e3 {[%emt 0:03:47]} b4 {[%emt 0:01:02]} 4. a3 {[%emt 0:00:37]} e6 {[%emt 0:02:56]} 5. axb4 {[%emt 0:02:16]} Bxb4 {[%emt 0:00:22]} 6. Bg2 {[%emt 0:00:07]} d5 {[%emt 0:04:49]} 7. O-O {[%emt 0:01:54]} O-O {[%emt 0:00:22]} 8. b3 {[%emt 0:02:06]} Be7 {[%emt 0:01:03]} 9. Bb2 {[%emt 0:00:22]} Nbd7 {[%emt 0:01:49]} 10. c4 {[%emt 0:02:32]} Bb7 {[%emt 0:11:23]} 11. Qc2 {[%emt 0:01:19]} c5 {[%emt 0:04:45]} 12. d3 {[%emt 0:02:51]} Qc7 {[%emt 0:05:38]} 13. Nbd2 {[%emt 0:00:52]} Rfc8 {[%emt 0:07:01]} 14. Bc3 {[%emt 0:01:54]} Bc6 {[%emt 0:04:09]} 15. Ra2 {[%emt 0:03:55]} Qb7 {[%emt 0:01:09]} 16. Rfa1 {[%emt 0:00:52]} Ne8 {[%emt 0:06:52]} 17. Ra6 {[%emt 0:02:20]} Nc7 {[%emt 0:03:44]} 18. R6a5 {[%emt 0:00:51]} f6 {[%emt 0:06:27]} 19. d4 {[%emt 0:06:08]} a6 {[%emt 0:05:55]} 20. R5a2 {[%emt 0:03:03]} Rab8 {[%emt 0:02:00]} 21. Ba5 {[%emt 0:16:27]} Ne8 {[%emt 0:03:09]} 22. Qd1 {[%emt 0:00:53]} Bd6 {[%emt 0:05:12]} 23. Qe2 {[%emt 0:04:28]} f5 {[%emt 0:05:29]} 24. dxc5 {[%emt 0:03:06]} Bxc5 {[%emt 0:01:24]} 25. Nd4 {[%emt 0:00:10]} Bxd4 {[%emt 0:00:59]} 26. exd4 {[%emt 0:00:02]} Nf8 {[%emt 0:00:19]} 27. c5 {[%emt 0:03:55]} Nf6 {[%emt 0:02:38]} 28. Bb6 {[%emt 0:02:16]} Bb5 {[%emt 0:00:21]} 29. Qe1 {[%emt 0:01:21]} N6d7 {[%emt 0:01:08]} 30. Ba5 {[%emt 0:00:38]} e5 {[%emt 0:07:19]} 31. dxe5 {[%emt 0:02:37]} Nxc5 {[%emt 0:00:36]} 32. Nc4 {[%emt 0:00:37]} Bxc4 {[%emt 0:04:43]} 33. bxc4 {[%emt 0:00:22]} Ne4 {[%emt 0:00:28]} 34. cxd5 {[%emt 0:05:29]} Qxd5 {[%emt 0:01:58]} 35. Bd2 {[%emt 0:06:55]} Ng6 {[%emt 0:03:35]} 36. Be3 {[%emt 0:05:31]} Qxe5 {[%emt 0:04:45]} 37. Rxa6 {[%emt 0:00:10]} Qe7 {[%emt 0:05:00]} 38. Qd1 {[%emt 0:04:15]} Rd8 {[%emt 0:03:30]} 39. Qa4 {[%emt 0:00:39]} Qd7 {[%emt 0:02:19]} 40. Bxe4 {[%emt 0:03:47]} fxe4 {[%emt 0:00:51]} 41. Qxe4 {[%emt 0:00:21]} Re8 {[%emt 0:00:57]} 42. Qc4+ {[%emt 0:05:57]} Qf7 {[%emt 0:01:10]} 43. Qxf7+ {[%emt 0:00:24]} Kxf7 {[%emt 0:00:06]} 44. Ra7+ {[%emt 0:00:26]} Re7 {[%emt 0:00:11]} 45. Bc5 {[%emt 0:00:15]} Reb7 {[%emt 0:00:49]} 46. Bd6 {[%emt 0:00:52]} Kf6 {[%emt 0:00:39]} 47. Bxb8 {[%emt 0:00:14]} Rxb8 {[%emt 0:00:04]} 48. R1a6+ {[%emt 0:00:14]} Kg5 {[%emt 0:00:22]} 49. Rxg7 {[%emt 0:00:18]} Kh6 {[%emt 0:00:18]} 50. Raa7 {[%emt 0:00:21]} Nf8 {[%emt 0:00:15]} 51. Kg2 {[%emt 0:00:42]} Rc8 {[%emt 0:00:10]} 1-0

[Event "31st Klatovy A 2025"]
[Site "Klatovy CZE"]
[Date "2025.07.02"]
[Round "5.14"]
[White "Langmajer, Jan"]
[Black "Mametev, Artem"]
[Result "1-0"]
[WhiteElo "1994"]
[BlackElo "2179"]
[PlyCount "83"]
[EventDate "2025.06.28"]
[EventType "swiss"]
[EventRounds "9"]
[EventCountry "CZE"]

1. e4 c5 {[%emt 0:01:35]} 2. Nf3 {[%emt 0:00:27]} d6 {[%emt 0:00:18]} 3. d4 {[%emt 0:00:07]} cxd4 {[%emt 0:00:02]} 4. Nxd4 {[%emt 0:00:07]} Nf6 {[%emt 0:00:04]} 5. Nc3 {[%emt 0:00:06]} Nc6 {[%emt 0:02:15]} 6. Be2 {[%emt 0:00:19]} e5 {[%emt 0:00:14]} 7. Nb3 {[%emt 0:00:05]} Be7 {[%emt 0:00:05]} 8. Be3 {[%emt 0:00:14]} O-O {[%emt 0:00:39]} 9. O-O {[%emt 0:00:22]} a5 {[%emt 0:00:17]} 10. Nd2 {[%emt 0:10:53]} Be6 {[%emt 0:07:30]} 11. Nc4 {[%emt 0:01:02]} b5 {[%emt 0:07:22]} 12. Nxb5 {[%emt 0:16:11]} Nxe4 {[%emt 0:03:19]} 13. f3 {[%emt 0:10:16]} Nf6 {[%emt 0:01:08]} 14. Ncxd6 {[%emt 0:08:07]} Nd5 {[%emt 0:05:47]} 15. Bc5 {[%emt 0:04:16]} Qb8 {[%emt 0:00:08]} 16. c4 {[%emt 0:10:19]} Nb6 {[%emt 0:12:27]} 17. Qc2 {[%emt 0:06:16]} Rd8 {[%emt 0:01:00]} 18. Ne4 {[%emt 0:23:34]} Nb4 {[%emt 0:18:53]} 19. Bxb4 {[%emt 0:05:41]} axb4 {[%emt 0:00:41]} 20. b3 {[%emt 0:00:53]} f5 {[%emt 0:03:18]} 21. Ng3 {[%emt 0:01:40]} g6 {[%emt 0:00:29]} 22. Rad1 {[%emt 0:01:53]} Rc8 {[%emt 0:04:53]} 23. Qd2 {[%emt 0:04:32]} Bc5+ {[%emt 0:03:18]} 24. Kh1 {[%emt 0:00:05]} Ra6 {[%emt 0:01:02]} 25. Bd3 {[%emt 0:06:50]} Qb7 {[%emt 0:05:32]} 26. Qg5 {[%emt 0:03:04]} Be7 {[%emt 0:01:17]} 27. Qh6 {[%emt 0:03:37]} Rxa2 {[%emt 0:03:25]} 28. Nxf5 {[%emt 0:04:56]} Bxf5 {[%emt 0:00:20]} 29. Bxf5 {[%emt 0:00:07]} gxf5 {[%emt 0:04:47]} 30. Qe6+ {[%emt 0:01:49]} Kg7 {[%emt 0:00:56]} 31. Nd6 {[%emt 0:02:00]} Bxd6 {[%emt 0:02:33]} 32. Rxd6 {[%emt 0:00:04]} Rb8 {[%emt 0:02:13]} 33. c5 {[%emt 0:01:22]} Qf7 {[%emt 0:00:06]} 34. Qxe5+ {[%emt 0:00:23]} Kg8 {[%emt 0:00:12]} 35. cxb6 {[%emt 0:03:18]} Re8 {[%emt 0:01:29]} 36. Qd5 {[%emt 0:03:07]} Qxd5 {[%emt 0:00:05]} 37. Rxd5 {[%emt 0:00:03]} Rb2 {[%emt 0:00:09]} 38. Rxf5 {[%emt 0:00:22]} Rxb3 {[%emt 0:00:07]} 39. Rb5 {[%emt 0:00:14]} Rb8 {[%emt 0:00:49]} 40. h3 {[%emt 0:00:31]} Rb2 {[%emt 0:00:03]} 41. Rc1 {[%emt 0:00:24]} b3 {[%emt 0:00:07]} 42. b7 {[%emt 0:00:25]} 1-0

[Event "31st Klatovy A 2025"]
[Site "Klatovy CZE"]
[Date "2025.07.02"]
[Round "5.15"]
[White "Pycha, Patrik"]
[Black "Kocman, Patrik"]
[Result "1/2-1/2"]
[WhiteElo "2076"]
[BlackElo "1836"]
[PlyCount "119"]
[EventDate "2025.06.28"]
[EventType "swiss"]
[EventRounds "9"]
[EventCountry "CZE"]

1. e4 {[%emt 0:00:02]} e5 {[%emt 0:00:10]} 2. Nf3 {[%emt 0:00:05]} Nc6 {[%emt 0:00:07]} 3. d4 {[%emt 0:00:04]} exd4 {[%emt 0:00:24]} 4. Nxd4 {[%emt 0:00:07]} Bc5 {[%emt 0:00:10]} 5. Nb3 {[%emt 0:00:05]} Bb6 {[%emt 0:00:24]} 6. Qe2 {[%emt 0:00:07]} d6 {[%emt 0:01:18]} 7. Nc3 {[%emt 0:01:04]} Bd7 {[%emt 0:04:59]} 8. Be3 {[%emt 0:00:57]} Bxe3 {[%emt 0:01:53]} 9. Qxe3 {[%emt 0:00:05]} Nf6 {[%emt 0:00:25]} 10. f3 {[%emt 0:02:25]} O-O {[%emt 0:00:46]} 11. O-O-O {[%emt 0:01:02]} a6 {[%emt 0:05:13]} 12. g4 {[%emt 0:01:28]} b5 {[%emt 0:08:06]} 13. g5 {[%emt 0:06:25]} Ne8 {[%emt 0:04:06]} 14. f4 {[%emt 0:02:26]} b4 {[%emt 0:18:08]} 15. Nd5 {[%emt 0:00:38]} a5 {[%emt 0:01:02]} 16. Bd3 {[%emt 0:13:25]} Ne7 {[%emt 0:05:58]} 17. h4 {[%emt 0:10:50]} Be6 {[%emt 0:04:51]} 18. h5 {[%emt 0:09:05]} a4 {[%emt 0:07:15]} 19. Nd4 {[%emt 0:00:25]} Nxd5 {[%emt 0:00:58]} 20. exd5 {[%emt 0:00:09]} Bxd5 {[%emt 0:01:44]} 21. Rh2 {[%emt 0:14:05]} c5 {[%emt 0:36:16]} 22. Nf5 {[%emt 0:01:20]} Ra7 {[%emt 0:02:16]} 23. Re2 {[%emt 0:20:39]} Be6 {[%emt 0:05:42]} 24. Qe4 {[%emt 0:03:27]} Bxf5 {[%emt 0:02:25]} 25. Qxf5 {[%emt 0:00:06]} g6 {[%emt 0:00:09]} 26. hxg6 {[%emt 0:00:49]} fxg6 {[%emt 0:00:11]} 27. Bc4+ {[%emt 0:01:21]} Kg7 {[%emt 0:00:31]} 28. Qh3 {[%emt 0:01:38]} Kh8 {[%emt 0:08:01]} 29. Rde1 {[%emt 0:08:54]} Ng7 {[%emt 0:02:07]} 30. Bb5 {[%emt 0:07:22]} Raf7 {[%emt 0:03:06]} 31. Bxa4 {[%emt 0:00:56]} Rxf4 {[%emt 0:01:04]} 32. Re7 {[%emt 0:02:44]} R4f7 {[%emt 0:00:25]} 33. Rxf7 {[%emt 0:02:16]} Rxf7 {[%emt 0:00:07]} 34. Qe3 {[%emt 0:04:53]} Nf5 {[%emt 0:00:37]} 35. Qe8+ {[%emt 0:01:11]} Qxe8 {[%emt 0:00:09]} 36. Rxe8+ {[%emt 0:00:04]} Kg7 {[%emt 0:00:06]} 37. Bb3 {[%emt 0:00:05]} Rf8 {[%emt 0:00:48]} 38. Rxf8 {[%emt 0:00:55]} Kxf8 {[%emt 0:00:06]} 39. a4 {[%emt 0:00:37]} bxa3 {[%emt 0:00:12]} 40. bxa3 {[%emt 0:00:03]} h6 {[%emt 0:00:23]} 41. gxh6 {[%emt 0:00:05]} Nxh6 {[%emt 0:00:07]} 42. a4 {[%emt 0:00:14]} Ke7 {[%emt 0:00:18]} 43. Kd2 {[%emt 0:01:55]} Nf5 {[%emt 0:00:28]} 44. Kd3 {[%emt 0:00:32]} Kd7 {[%emt 0:00:43]} 45. Bf7 {[%emt 0:02:02]} g5 {[%emt 0:00:17]} 46. Ke4 {[%emt 0:01:47]} Nd4 {[%emt 0:00:37]} 47. c3 {[%emt 0:00:13]} Ne2 {[%emt 0:00:40]} 48. Kd3 {[%emt 0:00:36]} Nf4+ {[%emt 0:00:59]} 49. Ke4 {[%emt 0:00:32]} Kc6 {[%emt 0:01:52]} 50. Kf5 {[%emt 0:01:29]} Ne2 {[%emt 0:00:10]} 51. c4 {[%emt 0:00:16]} Nc3 {[%emt 0:00:15]} 52. Be8+ {[%emt 0:00:24]} Kb6 {[%emt 0:00:14]} 53. Kxg5 {[%emt 0:02:23]} Ka5 {[%emt 0:00:22]} 54. Kf5 {[%emt 0:00:15]} Nxa4 {[%emt 0:03:35]} 55. Ke6 {[%emt 0:00:20]} Nb2 {[%emt 0:00:44]} 56. Kxd6 {[%emt 0:00:51]} Kb4 {[%emt 0:00:14]} 57. Bf7 {[%emt 0:01:47]} Nxc4+ {[%emt 0:00:09]} 58. Kd5 {[%emt 0:00:32]} Nb6+ {[%emt 0:01:05]} 59. Ke4 {[%emt 0:00:17]} Kc3 {[%emt 0:00:51]} 60. Be6 {[%emt 0:00:50]} 1/2-1/2

[Event "31st Klatovy A 2025"]
[Site "Klatovy CZE"]
[Date "2025.07.02"]
[Round "5.16"]
[White "Hurtak, Otto"]
[Black "Svadlenka, Michal"]
[Result "1/2-1/2"]
[WhiteElo "1931"]
[BlackElo "1932"]
[PlyCount "67"]
[EventDate "2025.06.28"]
[EventType "swiss"]
[EventRounds "9"]
[EventCountry "CZE"]

1. c4 {[%emt 0:00:02]} e5 {[%emt 0:03:25]} 2. Nc3 {[%emt 0:00:13]} Nf6 {[%emt 0:01:17]} 3. g3 {[%emt 0:00:15]} c6 {[%emt 0:01:16]} 4. d4 {[%emt 0:02:00]} exd4 {[%emt 0:03:17]} 5. Qxd4 {[%emt 0:00:11]} Be7 {[%emt 0:00:21]} 6. Bg2 {[%emt 0:02:10]} O-O {[%emt 0:00:14]} 7. Nf3 {[%emt 0:02:55]} Na6 {[%emt 0:01:56]} 8. O-O {[%emt 0:01:04]} Nc7 {[%emt 0:07:01]} 9. e4 {[%emt 0:02:48]} Ne6 {[%emt 0:05:40]} 10. Qd3 {[%emt 0:04:08]} Nc5 {[%emt 0:09:26]} 11. Qc2 {[%emt 0:01:11]} d6 {[%emt 0:02:52]} 12. b3 {[%emt 0:04:09]} Qc7 {[%emt 0:02:54]} 13. Bb2 {[%emt 0:01:29]} Bg4 {[%emt 0:00:23]} 14. h3 {[%emt 0:02:59]} Bh5 {[%emt 0:00:56]} 15. Nh4 {[%emt 0:09:28]} Rfe8 {[%emt 0:01:11]} 16. f4 {[%emt 0:02:46]} h6 {[%emt 0:07:39]} 17. Rae1 {[%emt 0:02:43]} Rad8 {[%emt 0:04:31]} 18. Re3 {[%emt 0:09:19]} a6 {[%emt 0:05:19]} 19. Rfe1 {[%emt 0:01:59]} Nfd7 {[%emt 0:02:49]} 20. Bf3 {[%emt 0:10:15]} Bxf3 {[%emt 0:01:34]} 21. Nxf3 {[%emt 0:00:08]} Bf6 {[%emt 0:07:44]} 22. Kg2 {[%emt 0:02:02]} g6 {[%emt 0:06:38]} 23. Qe2 {[%emt 0:04:25]} Bg7 {[%emt 0:01:19]} 24. Nd1 {[%emt 0:14:54]} b5 {[%emt 0:01:41]} 25. Bxg7 {[%emt 0:01:18]} Kxg7 {[%emt 0:01:35]} 26. Nf2 {[%emt 0:01:12]} Re7 {[%emt 0:02:32]} 27. cxb5 {[%emt 0:04:51]} axb5 {[%emt 0:03:11]} 28. Qd2 {[%emt 0:03:32]} Rde8 {[%emt 0:01:37]} 29. b4 {[%emt 0:01:01]} Nb7 {[%emt 0:06:30]} 30. Qd4+ {[%emt 0:02:09]} Kh7 {[%emt 0:01:16]} 31. e5 {[%emt 0:03:17]} dxe5 {[%emt 0:12:05]} 32. Nxe5 {[%emt 0:01:55]} Nxe5 {[%emt 0:02:18]} 33. Rxe5 {[%emt 0:02:13]} Rxe5 {[%emt 0:00:48]} 34. Rxe5 {[%emt 0:00:55]} 1/2-1/2

[Event "31st Klatovy A 2025"]
[Site "Klatovy CZE"]
[Date "2025.07.02"]
[Round "5.17"]
[White "Bara, Jan"]
[Black "Sadil, Antonin"]
[Result "1-0"]
[WhiteElo "1964"]
[BlackElo "1907"]
[PlyCount "107"]
[EventDate "2025.06.28"]
[EventType "swiss"]
[EventRounds "9"]
[EventCountry "CZE"]

1. e4 c5 {[%emt 0:04:12]} 2. Nf3 {[%emt 0:00:21]} e6 {[%emt 0:00:13]} 3. c4 {[%emt 0:00:21]} Nc6 {[%emt 0:01:59]} 4. d4 {[%emt 0:00:23]} cxd4 {[%emt 0:00:41]} 5. Nxd4 {[%emt 0:00:10]} a6 {[%emt 0:02:18]} 6. Nc3 {[%emt 0:02:29]} Qc7 {[%emt 0:02:05]} 7. Be3 {[%emt 0:05:00]} Nf6 {[%emt 0:01:58]} 8. f3 {[%emt 0:06:45]} Bb4 {[%emt 0:02:43]} 9. Qd2 {[%emt 0:07:14]} d6 {[%emt 0:06:02]} 10. Be2 {[%emt 0:07:28]} b6 {[%emt 0:03:35]} 11. O-O {[%emt 0:03:46]} Bb7 {[%emt 0:02:43]} 12. Rac1 {[%emt 0:05:23]} O-O {[%emt 0:00:48]} 13. a3 {[%emt 0:02:46]} Nxd4 {[%emt 0:01:08]} 14. Bxd4 {[%emt 0:02:20]} Bc5 {[%emt 0:00:29]} 15. b4 {[%emt 0:02:18]} Bxd4+ {[%emt 0:00:59]} 16. Qxd4 {[%emt 0:00:09]} Qc6 {[%emt 0:08:25]} 17. Rfd1 {[%emt 0:14:06]} Rfd8 {[%emt 0:01:20]} 18. e5 {[%emt 0:04:02]} Ne8 {[%emt 0:01:04]} 19. Ne4 {[%emt 0:12:25]} d5 {[%emt 0:01:00]} 20. cxd5 {[%emt 0:01:30]} Rxd5 {[%emt 0:01:38]} 21. Rxc6 {[%emt 0:03:31]} Rxd4 {[%emt 0:00:10]} 22. Rxb6 {[%emt 0:01:04]} Rxd1+ {[%emt 0:00:17]} 23. Bxd1 {[%emt 0:00:01]} Bxe4 {[%emt 0:00:18]} 24. fxe4 {[%emt 0:00:02]} Nc7 {[%emt 0:05:55]} 25. Be2 {[%emt 0:08:19]} Kf8 {[%emt 0:01:11]} 26. a4 {[%emt 0:01:21]} Ke7 {[%emt 0:01:35]} 27. Kf2 {[%emt 0:01:22]} Kd7 {[%emt 0:02:33]} 28. Ke3 {[%emt 0:04:29]} Ke7 {[%emt 0:01:40]} 29. Rc6 {[%emt 0:05:00]} Kd7 {[%emt 0:00:47]} 30. Rd6+ {[%emt 0:00:11]} Ke7 {[%emt 0:01:18]} 31. Kd4 {[%emt 0:06:29]} f6 {[%emt 0:02:19]} 32. Kc5 {[%emt 0:04:43]} Rc8 {[%emt 0:01:10]} 33. exf6+ {[%emt 0:01:37]} gxf6 {[%emt 0:00:26]} 34. Rc6 {[%emt 0:00:21]} Kd7 {[%emt 0:02:11]} 35. b5 {[%emt 0:05:52]} axb5 {[%emt 0:00:46]} 36. axb5 {[%emt 0:00:27]} Rg8 {[%emt 0:03:13]} 37. Rd6+ {[%emt 0:04:29]} Ke7 {[%emt 0:00:29]} 38. Kc6 {[%emt 0:03:52]} Rxg2 {[%emt 0:01:41]} 39. Kxc7 {[%emt 0:00:18]} Rxe2 {[%emt 0:00:25]} 40. b6 {[%emt 0:02:11]} Rc2+ {[%emt 0:01:10]} 41. Rc6 {[%emt 0:00:10]} Rxh2 {[%emt 0:00:52]} 42. b7 {[%emt 0:00:32]} Rb2 {[%emt 0:00:14]} 43. Rb6 {[%emt 0:00:11]} Rc2+ {[%emt 0:00:19]} 44. Rc6 {[%emt 0:00:05]} Rb2 {[%emt 0:00:09]} 45. b8=Q {[%emt 0:00:08]} Rxb8 {[%emt 0:00:16]} 46. Kxb8 {[%emt 0:00:03]} h5 {[%emt 0:01:27]} 47. Kc7 {[%emt 0:01:37]} e5 {[%emt 0:00:49]} 48. Rc3 {[%emt 0:00:38]} Ke6 {[%emt 0:00:40]} 49. Rf3 {[%emt 0:00:22]} h4 {[%emt 0:00:37]} 50. Kc6 {[%emt 0:00:17]} Kf7 {[%emt 0:00:43]} 51. Rh3 {[%emt 0:00:22]} Kg6 {[%emt 0:00:14]} 52. Rxh4 {[%emt 0:00:12]} Kg5 {[%emt 0:00:14]} 53. Rh1 {[%emt 0:00:13]} Kf4 {[%emt 0:00:31]} 54. Kd5 {[%emt 0:00:08]} 1-0